000 02212nam a22003617a 4500
999 _c21857
_d21857
003 AR-CdUCM
008 190425b ||||| |||| 00| 0 spa d
040 _aMUNICIPALIDAD PROVINCIAL DEL CUSCO
_cBIBLIOTECA MUNICIPAL DEL CUSCO
082 _aRev.Andi/N°45/2007
110 _aCentro Bartolomé de Las Casas
_93293
245 _aRevista andina /
_cCentro de estudios rurales andinos Bartolomé de Las Casas Cusco
260 _aCusco :
_bCentro Bartolomé de Las Casas,
_c2007.
300 _a218 páginas. :
_c23 cm.
440 _aPublicación Semestral del Centro Bartolomé de Las Casas Cusco.
_nNúmero 45, Segundo semestre 2007.
_946494
500 _aLa bigamia indígena en el arzobispado de Lima Siglo XVIII
505 _aContenido: Es corrupto el que se ha casado por segunda vez: la bigamia indígena en el Arzobispado de Lima (S. XVIII). Juan A. Fonseca Ariza. -- Política y movilización campesina en el norte argentino. La cuestión de la tierra indígena en el proceso de ampliación de la democracia. María Silvia Fleitas , Ana A. Teruel. -- El anarcosindicalismo en el movimiento obrero boliviano (1912-1964). Huascar Rodríguez García. -- Las republiquetas en la Guerra de independencia. Raquel Gil Montero. -- La oratoria sagrada del Padre Jacinto Barrasa, SJ (1626-1704). Alex Coello. -- Una mirada al mundo colonizado: el yo discursivo de Felipe Guaman Poma de Ayala en la “Nueva corónica y buen gobierno”. Rochelle Trotter. -- La crónica de Fray Martín de Murúa: mentiras y legados de un mercedario vasco en los Andes. Annalyda Álvarez-Calderón.
650 _aArzobispado de Lima
_946495
650 _aPolítica campesina
_946496
650 _aIndependencia
_9625
650 _aFelipe Guamán Poma de Ayala
_945889
650 _aFray Martin de Murua
_946497
650 _aOratoria
_91271
650 _aJacinto Barrasa
_946498
700 _aFonseca Ariza, Juan
_946499
700 _aSilvia Fleitas, María
_946500
700 _aRodríguez García, Huascar
_946501
700 _aGil Montero, Raquel
_946502
700 _aCoello, Alex
_946503
700 _aTrotter, Rochelle
_946504
700 _aÁlvarez Calderón, Annalyda
_946505
942 _2ddc
_cPP
945 _arac